|
|
|
|
| LEADER |
00000cam a2200000 7i4500 |
| 001 |
0000058838 |
| 005 |
20160114.0 |
| 008 |
160114 |
| 020 |
|
|
|a 9676106143
|
| 090 |
0 |
0 |
|a 306.872
|b HAS
|
| 100 |
1 |
|
|a Hassan Hj.Mohd Ali,dr
|
| 245 |
1 |
0 |
|a 30 bisikan hati isteri
|c Dr.Hassan Hj.Mohd Ali
|
| 260 |
|
|
|a Kuala Lumpur :
|b Utusan publications & distributors sdn.bhd. ,
|c 1998
|
| 490 |
1 |
|
|a Siri cetusan hati utusan-akrab
|
| 650 |
|
0 |
|a Children
|
| 650 |
|
0 |
|a Family
|
| 650 |
|
0 |
|a Husband and wife
|
| 999 |
|
|
|a 0000796627
|b Book
|c Adult Collection
|e Cawangan Segamat
|
| 999 |
|
|
|a 0000798222
|b Book
|c Adult Collection
|e Cawangan Pontian
|
| 999 |
|
|
|a 0000798341
|b Book
|c Adult Collection
|e Cawangan Pontian
|
| 999 |
|
|
|a 0000811134
|b Book
|c Adult Collection
|e Cawangan Bandar Penawar
|